000 00609nam a2200229 a 4500
001 nice12345678
003 IN_TiNIC
005 20260116014704.0
008 100406s2003 lona grp 000 0 eng
020 _a9780195793352
_c275
082 0 0 _a491.43921
_bCRA
100 _aCrawley, Angela
245 _aOxford Elementary Learner`s Engilsh-Urdu Dictionary
260 _aLondan
_bOxford University Press
_c2003
300 _a442p
500 _aincludes index and biblioraphy
650 _aDictionary-English Urdu
700 1 _aCrawley, Angela
902 _bSRS
942 _cBK
999 _c16480
_d16480